| LEADER |
01188nam0a2200277 450 |
| 001 |
16821633 |
| 010 |
|
|
|a 978-2-501-06546-7
|b rel.
|d 14,9
|
| 100 |
|
|
|a 20100531d2026 u u0frey01 ba
|
| 101 |
0 |
|
|a fre
|
| 102 |
|
|
|a FR
|
| 200 |
0 |
|
|a Construire sa maison écologique zéro énergie de A à Z
|f [Magali Chouvion et Julien Dézécot]
|g responsable d'édition, Arnaud Sperat-Czar
|
| 207 |
|
1 |
|a
|
| 210 |
|
|
|a Paris
|c Marabout-[Hachette livre]
|d impr. 2010
|
| 215 |
|
|
|a 1 vol. (128 p.)
|c ill. en coul., couv. ill. en coul.
|d 25 cm
|
| 300 |
|
|
|a La couv. porte en plus : '13 réalisations, 80 adresses utiles...'
|
| 330 |
|
|
|a Les grands principes. 20 exemples de constructions. 100 adresses de professionnels. Un mini guide des matériaux.
|
| 606 |
0 |
|
|a Habitations
|x Aspect de l'environnement
|
| 606 |
0 |
|
|a Constructions
|x Propriétés thermiques
|
| 606 |
0 |
|
|a Constructions
|x Technique de l'environnement
|
| 676 |
|
|
|a 691
|
| 700 |
|
0 |
|a Chouvion
|b Magali
|4 70
|
| 701 |
|
0 |
|a Dézécot
|b Julien
|4 70
|
| 702 |
|
0 |
|a Sperat-Czar
|b Arnaud
|4 340
|
| 900 |
|
|
|a Documentaire
|
| 901 |
|
|
|a Accessible au prêt
|
| 995 |
|
|
|a Bibliothèque
|c Bibliothèque
|f 024015823
|h 024015823
|k 693 CHO
|o p
|q a
|r az
|e Bibliothèque
|